<?xml version="1.0" encoding="UTF-8"?>
<marc:record xmlns:marc="http://www.loc.gov/MARC21/slim">
   <marc:leader>00000nam a2200000 a 4500</marc:leader>
   <marc:datafield ind1="1" ind2=" " tag="100">
      <marc:subfield code="a">Lentz, Thierry</marc:subfield>
      <marc:subfield code="4">aut</marc:subfield>
      <marc:subfield code="e">Verfasser/-in</marc:subfield>
   </marc:datafield>
   <marc:datafield ind1=" " ind2=" " tag="653">
      <marc:subfield code="a">Geschichte</marc:subfield>
   </marc:datafield>
   <marc:datafield ind1=" " ind2=" " tag="653">
      <marc:subfield code="a">Softcover / Sachbücher/Geschichte/Neuzeit bis 1918</marc:subfield>
   </marc:datafield>
   <marc:datafield ind1=" " ind2=" " tag="653">
      <marc:subfield code="a">Talleyrand</marc:subfield>
   </marc:datafield>
   <marc:datafield ind1=" " ind2=" " tag="653">
      <marc:subfield code="a">Metternich</marc:subfield>
   </marc:datafield>
   <marc:datafield ind1=" " ind2=" " tag="653">
      <marc:subfield code="a">Zamoyski</marc:subfield>
   </marc:datafield>
   <marc:datafield ind1=" " ind2=" " tag="653">
      <marc:subfield code="a">Diplomatie</marc:subfield>
   </marc:datafield>
   <marc:datafield ind1=" " ind2=" " tag="653">
      <marc:subfield code="a">Napoleon</marc:subfield>
   </marc:datafield>
   <marc:datafield ind1=" " ind2=" " tag="653">
      <marc:subfield code="a">1812</marc:subfield>
   </marc:datafield>
   <marc:datafield ind1=" " ind2=" " tag="653">
      <marc:subfield code="a">1814</marc:subfield>
   </marc:datafield>
   <marc:datafield ind1=" " ind2=" " tag="653">
      <marc:subfield code="a">Wien 1814</marc:subfield>
   </marc:datafield>
   <marc:datafield ind1="0" ind2="0" tag="245">
      <marc:subfield code="a">1815</marc:subfield>
   </marc:datafield>
   <marc:datafield ind1="0" ind2="0" tag="245">
      <marc:subfield code="b">der Wiener Kongress und die Neugründung Europas</marc:subfield>
   </marc:datafield>
   <marc:datafield ind1="0" ind2="0" tag="245">
      <marc:subfield code="c">Thierry Lentz. Aus dem Franz. von Frank Sievers</marc:subfield>
   </marc:datafield>
   <marc:datafield ind1=" " ind2="1" tag="264">
      <marc:subfield code="a">München</marc:subfield>
      <marc:subfield code="b">Siedler</marc:subfield>
      <marc:subfield code="c">2014</marc:subfield>
   </marc:datafield>
   <marc:datafield ind1=" " ind2=" " tag="250">
      <marc:subfield code="a">1. Aufl.</marc:subfield>
   </marc:datafield>
   <marc:datafield ind1="1" ind2=" " tag="520">
      <marc:subfield code="a">Angaben aus der Verlagsmeldung

1815 : Der Wiener Kongress und die Neugründung Europas Le Congres de Vienne / von Thierry Lentz

Das große Buch über die Neugründung Europas

1815 war ein Schicksalsjahr für das moderne Europa. Napoleons Armeen waren geschlagen, ein ganzer Kontinent musste neu geordnet werden. Thierry Lentz wirft in seinem großen Buch einen einzigartigen Blick auf jenes Schlüsselereignis, das eine epochale Wende einläutete: Der Wiener Kongress war nicht nur ein schillerndes Tanzvergnügen - er war Fundament und Ausgangspunkt einer gewaltigen Neugründung Europas.

Thierry Lentz, einer der führenden französischen Historiker und ein profunder Kenner der Zeit, schaut hinter die Kulissen der offiziellen Diplomatie, dorthin, wo die wichtigsten Entscheidungen von Metternich, Hardenberg und Talleyrand ihren Ausgang nahmen. Scheinbar mühelos wechselt er dabei die Perspektiven und beleuchtet mit großer Eleganz und Finesse die verschiedenen Interessen der Mächte, dieses diplomatische Ringen, bei dem nichts weniger auf dem Spiel stand als die Zukunft Europas.

Lentz erzählt die Geschichte des Wiener Kongresses vollkommen neu und lässt wie nebenbei das große Panorama einer bewegten Epoche entstehen, die weitaus dynamischer und innovativer war, als wir bisher dachten - und deren Protagonisten sich Herausforderungen zu stellen hatten, die auch heute wieder hoch aktuell sind.

</marc:subfield>
   </marc:datafield>
   <marc:datafield ind1=" " ind2=" " tag="020">
      <marc:subfield code="a">9783827500472</marc:subfield>
      <marc:subfield code="9">9783827500472</marc:subfield>
   </marc:datafield>
   <marc:datafield ind1=" " ind2=" " tag="020">
      <marc:subfield code="a">3827500478</marc:subfield>
      <marc:subfield code="9">3827500478</marc:subfield>
   </marc:datafield>
   <marc:datafield ind1=" " ind2=" " tag="300">
      <marc:subfield code="a">429 S.</marc:subfield>
   </marc:datafield>
</marc:record>
